| 000 | 00397nam a22001577a 4500 | ||
|---|---|---|---|
| 003 | PILC | ||
| 005 | 20160602103842.0 | ||
| 008 | 160602b xxu||||| |||| 00| 0 eng d | ||
| 020 | _a9780061726811 | ||
| 050 |
_aPZ 7 _b.Ol475 2010 |
||
| 100 | _aOliver, Lauren. | ||
| 245 |
_aBefore i fall / _cLauren Oliver. |
||
| 260 |
_aNY : _bHarper, _c2010. |
||
| 300 |
_a470 pages ; _c20 cm. |
||
| 942 |
_2lcc _cBK |
||
| 999 |
_c295570 _d295570 |
||